La sociología del derecho en Max Weber
Αποθηκεύτηκε σε:
| Κύριος συγγραφέας: | |
|---|---|
| Άλλοι συγγραφείς: | |
| Μορφή: | Κυβερνητικό Έγγραφο Βιβλίο |
| Γλώσσα: | Spanish |
| Έκδοση: |
San José, Costa Rica
Trejos Hermanos
1975
|
| Θέματα: | |
| Ετικέτες: |
Προσθήκη ετικέτας
Δεν υπάρχουν, Καταχωρήστε ετικέτα πρώτοι!
|
MARC
| LEADER | 00000nam a22000007a 4500 | ||
|---|---|---|---|
| 007 | ta | ||
| 008 | 131120s1975 c ||||f |||| 00| 0bspa d | ||
| 040 | |a cru CIICLA Universidad de Costa Rica | ||
| 086 | |a 340.115 R763s | ||
| 100 | |a Romero Pérez, Jorge Enrique | ||
| 245 | 1 | 3 | |a La sociología del derecho en Max Weber |c Jorge Enrique Romero Pérez ; prólogo Alfonso Carro Zúñiga |
| 260 | |a San José, Costa Rica |b Trejos Hermanos |c 1975 | ||
| 300 | |a 327 páginas | ||
| 650 | 1 | 7 | |2 LEMB |a DERECHO Y SOCIEDAD |
| 650 | |a SOCIOLOGIA DEL DERECHO | ||
| 650 | |a WEBER, MAX, 1864-1920 | ||
| 700 | 1 | 2 | |a Carro Zúñiga, Alfonso |e prólogo |
| 942 | |2 ddc |c BK | ||
| 999 | |c 2576 |d 2576 | ||
